000 00224nam a22000857a 4500
008 160624b xxu||||| |||| 00| 0 eng d
100 _91015
_aChaudhuri, B.P
245 _aWilliam Shakespear As You Like it
260 _aN.D
_bAarti
_c1981
999 _c813
_d813